أسس التفكير العلمي / (Record no. 16197)
[ view plain ]
| 000 -الفاتح | |
|---|---|
| حقل البيانات ثابتة الطول | 00472nam a22001457a 4500 |
| 008 - عناصر البيانات ثابتة الطول - معلومات عامة | |
| حقل البيانات ثابتة الطول | 110905s1977 ua|||||r|||| 00| 0 ara d |
| 020 ## - الرقم الدولى المعيارى للكتب | |
| الرقم الدولى المعيارى للكتاب | 977110716X |
| 082 ## - رقم تصنيف ديوى العشرى | |
| رقم الطبعة | 22 |
| رقم التصنيف | 153.7 |
| رقم المادة | ز ك ر |
| 100 ## - المدخل الرئيسى - إسم شخصى | |
| 9 (RLIN) | 16928 |
| الإسم الشخصى | زكريا ، فؤاد |
| 245 ## - بيان العنوان | |
| العنوان | أسس التفكير العلمي / |
| بيان المسئوليه,etc | زكي نجيب محمود |
| 260 ## - PUBLICATION, DISTRIBUTION, ETC. (IMPRINT) | |
| مكان الناشر او الموزع | الإسكندرية : |
| اسم الناشر او الموزع | دار المعارف، [1977] |
| تاريخ النشر أو التوزيع | [1977] |
| 300 ## - الوصف المادى | |
| التعداد | 319ص ؛ |
| أبعاد الوعاء | 16 سم |
| 650 ## - المدخل الاضافى بالموضوع-مصطلح موضوعى | |
| 9 (RLIN) | 13687 |
| مصطلح موضوعي أو اسم جغرافي كعنصر مدخل | التفكير |
| 942 ## - عناصر المدخل الإضافي( كوها) | |
| مصدر التصنيف او مخطط الترفيف | Dewey Decimal Classification |
| Koha [default] item type | Book - Borrowing |
| حالة التراجع | حالة الفقد | مصدر التصنيف او خطة الترفيف | حالة تلف | ليس للاعارة | مجموعات كوها | المكان الدائم | المكان الحالي | موقع الترفيف | تاريخ الاكتساب | Source of acquisition | رقم الاستدعاء | الباركود | Date last seen | مُعار | نوع الوعاء |
|---|---|---|---|---|---|---|---|---|---|---|---|---|---|---|---|
| Dewey Decimal Classification | Alef-Baa | Central Library | Central Library | Lower Floor | 03/11/2011 | 153.7 ز ك ر | 000025596 | 15/07/2025 | 08/12/2021 | Book - Borrowing |